The productive school : a systems analysis approach to educational administration /

Bibliographic Details
Main Author: Thomas, J. Alan (James Alan), 1915-
Format: Book
Language:English
Published: Malabar, Fla. : R.E. Krieger Pub. Co., 1981
Subjects:

MARC

Tag First Indicator Second Indicator Subfields
LEADER 00000pam a2200000 a 4500
001 in00000072706
005 20151008054610.0
008 800305r19811971flua b 00110 engm
010 |a  80012531  
020 |a 0898741645 
035 |a (OCoLC)06143468 
035 |9 AAJ1126AM 
040 |a DLC  |c DLC  |d m.c.  |d TXA  |d UtOrBLW 
049 |a TXAM  |c [985612] 
050 0 0 |a LB2806  |b .T57 1981 
082 0 |a 371.2/0028/51 
100 1 |a Thomas, J. Alan  |q (James Alan),  |d 1915- 
245 1 4 |a The productive school :  |b a systems analysis approach to educational administration /  |c J. Alan Thomas. 
264 1 |a Malabar, Fla. :  |b R.E. Krieger Pub. Co.,  |c 1981 
264 4 |c ©1971 
300 |a xi, 132 pages :  |b illustrations ;  |c 24 cm. 
336 |a text  |b txt  |2 rdacontent 
337 |a unmediated  |b n  |2 rdamedia 
338 |a volume  |b nc  |2 rdacarrier 
500 |a Reprint. Originally published: New York : Wiley, 1971. 
504 |a Includes bibliographical references and indexes. 
650 0 |a School management and organization. 
650 0 |a System analysis. 
999 |a MARS 
999 f f |s 86bcabd9-9518-3a57-8333-41a2acfe900c  |i 810d7f5e-d721-3f25-85d8-1c4be8d49daf  |t 0 
952 f f |p normal  |a Texas A&M University  |b College Station  |c Sterling C. Evans Library  |d Evans: Library Stacks  |t 0  |e LB2806 .T57 1981  |h Library of Congress classification  |i unmediated -- volume  |m A14806162166 
998 f f |a LB2806 .T57 1981  |t 0  |l Evans: Library Stacks